000 00340 a2200157 4500
001 194223
020 _a978-85-16-10766-6
040 _cMagnum
100 _aNoronha, Teresa
240 1 0 _aSopa de letrinhas
_lpor
245 1 0 _aSopa de letrinhas
300 _a37
362 0 _a2017
697 _aLITERATURA INFANTO-JUVENIL
942 _cBK
999 _c194223
_d194223